Vowelless Action Movies! - Statistics

General Stats
  • This quiz has been taken 51 times
  • The average score is 20 of 22
Answer Stats
Hint Answer % Correct
Fst nd th Frs Fast and the Furious
100%
Bd Bys Bad Boys
98%
Jrssc Prk Jurassic Park
98%
Mssn mpssbl Mission Impossible
98%
Th Krt Kd The Karate Kid
98%
Th Trmntr The Terminator
98%
Tp Gn Top Gun
98%
Trnsfrmrs Transformers
98%
Bck t th Ftr Back to the Future
96%
D Hrd Die Hard
96%
Frst Bld First Blood
96%
Mn n Blck Men in Black
96%
Prdtr Predator
96%
Rcky Rocky
96%
Jws Jaws
94%
Tkn Taken
94%
Rdrs f th Lst rk Raiders of the Lost Ark
91%
Hncck Hancock
89%
Th xpndbls The Expendables
87%
Cnn th Brbrn Conan the Barbarian
81%
ntrstllr Interstellar
81%
scp Pln Escape Plan
66%
No matching quizzes found
Score Distribution
Percent of People with Each Score
Percentile by Number Answered
Your Score History
You have not taken this quiz